| 000 | 00607nam a2200241Ia 4500 | ||
|---|---|---|---|
| 008 | 210210b2009 xxu||||| |||| 00| 0 eng d | ||
| 020 | _a9788178299075 | ||
| 041 | _aeng | ||
| 082 | _a306.0954 NAYS | ||
| 100 | _aNAYAR (Pramod K) | ||
| 245 | _aSeeing stars: spectacle society and celebrity culture | ||
| 260 |
_aNew Delhi _bSage Publications India Pvt. Limited. _c2009 |
||
| 300 | _axiv-195 | ||
| 650 | _astars: | ||
| 650 | _aspectacle | ||
| 650 | _asociety | ||
| 650 | _aSeeing | ||
| 650 | _aculture | ||
| 650 | _acelebrity | ||
| 650 | _aand | ||
| 690 | _aIndian Society | ||
| 906 | _a066169 | ||
| 999 |
_c146560 _d146560 |
||